The Green function method in statistical mechanics /

Guardado en:
Autor Principal: Bonch-Bruevich, V. L.
Otros Autores: Tiablikov, S. V.
Formato: Libro
Idioma:English
Russian
Publicado: Amsterdam : North-Holland, 1962.
Materias:
Etiquetas: Agregar Etiqueta
Sin Etiquetas, Sea el primero en etiquetar este registro!
LEADER 01079cam a22002655a 4500
001 MAT.inmabb005148
008 840221s1962####ne#######b####001#0#eng##
005 20180611161936.0
245 1 4 |a The Green function method in statistical mechanics /  |c V. L. Bonch-Bruevich, S. V. Tyablikov ; foreword by N. N. Bogolyubov ; [translated from the Russian and edited by D. ter Haar]. 
260 |a Amsterdam :  |b North-Holland,  |c 1962. 
300 |a xii, 251 p. ;  |c 23 cm. 
500 |a Traducción de: Metod funktsii Grina v statisticheskoi mekhanike. 1961. 
504 |a Incluye referencias bibliográficas (p. [243]-248). 
510 4 |a MR,  |c 28 #2861 
100 1 |a Bonch-Bruevich, V. L.  |q (Viktor Leopol'dovich) 
240 1 0 |a Metod funktsii Grina v statisticheskoi mekhanike.  |l Inglés 
700 1 |a Tiablikov, S. V.  |q (Sergei Vladimirovich) 
650 0 |a Many-body problem. 
650 0 |a Green's functions. 
650 0 |a Quantum statistics. 
084 |a 82-02  |2 msc2000 
010 |a  63000826  
040 |a DLC/ICU  |c ICU  |d DLC 
041 1 |a eng  |h rus 
859 |h 82  |i B699  |p A-2785  |b BIB. MATEMATICA